000 00679nam a2200217 i 4500
001 90272
003 ES-MaACL
005 20230906180411.0
007 t|
008 050119s1920 fr ||||1| fre d
100 1 _aLegendre, René.
_971273
245 1 0 _aAlimentation et ravitaillement /
_cpar R. Legendre ; preface de Charles Richet.
260 _a[S.l. :
_bs.n.],
_c1920 (
_eCoulommiers :
_fDessaint)
300 _aXII, 329 p. ;
_c20 cm.
490 1 _aLes leçons de la guerre
650 0 0 _aAlimentación.
_99724
700 1 _aRichet, Charles (
_d1850-1935)
_996954
830 1 _aLes leçons de la guerre
_9184143
852 _aES-MaACL
_jF-5879
999 _c90272
_d90272